| 000 | 01016nam a2200289 4500 | ||
|---|---|---|---|
| 001 | 0000018291 | ||
| 003 | CO-CtgCURN | ||
| 005 | 20250331185218.0 | ||
| 007 | ta | ||
| 008 | 160627s1991 000 0 eng d | ||
| 020 | _a9562200662 | ||
| 040 |
_aCO-CtgCURN _bspa _ccoctgcurn |
||
| 082 | 0 |
_a616.962 _bA75p |
|
| 100 | 1 | _aAtias, Antonio. | |
| 245 | 1 | 0 |
_aParasitología clinica / _cAntonio Atias. |
| 250 | _a3a ed. | ||
| 260 |
_aSantiago de Chile : _bMediterraneo, _c1991. |
||
| 300 | _a618 p. | ||
| 336 | _2rdacontent | ||
| 337 |
_2rdamedia _asin mediacion _bn |
||
| 338 |
_2rdacarrier _avolumen _bnc |
||
| 505 | 8 | _aParasitología general.--Parasitología descriptiva.--Helmintiasis.--Parasitología descriptiva histoparasitosis y hemoparasitosis.--Parasitología topografica.--La enfermedad parasitaria.--Difilobotriasis.--Fascioliasis | |
| 650 | 1 | 4 | _aParasitología. |
| 908 | _a160627 | ||
| 942 |
_cBK _h616.962 _iA75p _2ddc |
||
| 999 |
_c23011 _d23011 |
||